| 000 | 01216nam0a22003131 4500 | ||
|---|---|---|---|
| 001 | rc\54789 | ||
| 005 | 20260407062734.0 | ||
| 010 |
_a5-7805-0021-5 _dб.ц. _950000 |
||
| 021 |
_aRU _b96-29365 |
||
| 035 | _a(NLR Aleph) 005332367 | ||
| 090 |
_a6605401 _c6605401 |
||
| 100 | _a20021216d1996 |||y0rusy50 ca | ||
| 101 | 0 | _arus | |
| 102 | _aRU | ||
| 105 | _aa z||||||a| | ||
| 200 | 1 |
_aКак неразлучные друзья в огне не горели _eмалышам от 5 до 10 лет _fАльберт Иванов _g[художник: Е. Запесочная] |
|
| 210 |
_aМосква _cАСТ-пресс _dб.г. (1996) |
||
| 215 |
_a[17] с. _cцв. ил. _d22 |
||
| 225 | 1 | _aАзбука безопасности | |
| 686 | 0 | _aШ9(2)60=Р7-2 | |
| 700 | 1 |
_4070 _8rus _7ca _aИванов _bА. А. _cдет. писатель _f1938- _gАльберт Анатольевич _3RU\NLR\AUTH\7712920 _9122629 |
|
| 701 | 1 |
_4040 _8rus _7ca _aЗапесочная _bЕ. А. _cхудожник _gЕлена Алексеевна _3RU\NLR\AUTH\7774422 _957350 |
|
| 801 | 0 |
_aRU _bNLR _gpsbo |
|
| 801 | 1 |
_aRU _bELAR _2rusmarc |
|
| 852 |
_aNLR _j96-6/2251 |
||
| 942 | _cBOOK | ||
| 980 | _aNB | ||